| 000 | 00850nam a2200253 i 4500 | ||
|---|---|---|---|
| 001 | 15130 | ||
| 003 | ES-MaACL | ||
| 005 | 20250905132238.0 | ||
| 007 | t| | ||
| 008 | 991223s1987 sp ||||1| spa d | ||
| 020 | _a84-8586-58-3 | ||
| 080 | _a821.134.2 González, Angel 1.06(082) | ||
| 245 | 0 | 0 |
_aSimposio-homenaje a Angel González / _cedición de Susana Rivera y Tomás Ruíz Fábrega. |
| 260 |
_a[Madrid] : _bJosé Esteban, _c[1987] |
||
| 300 |
_a150 p. ; _c21 cm. |
||
| 500 | _aTextos en español e inglés. | ||
| 504 | _aBibliografía: p. 137-150. | ||
| 600 | 1 | 4 |
_aGonzález, Ángel, _d1925-2008- _vHomenajes _958282 |
| 700 | 1 |
_aGonzález, Ángel, _d1925-2008 _958280 |
|
| 700 | 1 |
_aRivera, Susana. _997630 |
|
| 700 | 1 |
_aRuiz Fábrega, Tomás. _9100791 |
|
| 852 |
_aES-MaACL _jL-22307 _bR.127738 |
||
| 999 |
_c15130 _d15130 |
||